| 000 -CABECERA |
| Longitud fija campo de control |
00478nam a2200169 a 4500 |
| 001 - NÚMERO DE CONTROL |
| Número de control |
4737 |
| 003 - IDENTIFICADOR DEL NÚMERO DE CONTROL |
| Identificador del número de control |
CDMR |
| 005 - FECHA Y HORA DE LA ÚLTIMA TRANSACCIÓN |
| Fecha y hora de la última transacción |
20131204105402.0 |
| 008 - CÓDIGOS DE INFORMACIÓN DE LONGITUD FIJA |
| Códigos de información de longitud fija |
130130s2000||||||||||||||||||||||||||||d |
| 040 ## - FUENTE DE LA CATALOGACIÓN |
| Centro catalogador de origen |
CDMR |
| Lengua de catalogación |
cat |
| Centro transcriptor |
CDMR |
| 110 1# - PUNTO DE ACCESO PRINCIPAL-NOMBRE DE ENTIDAD CORPORATIVA |
| 9 (RLIN) |
3016 |
| Nombre de entidad corporativa o nombre de jurisdicción como elemento inicial |
Comisiones Obreras |
| 245 #0 - MENCIÓN DE TÍTULO |
| Título |
Guía de la Red de Archivos Históricos de Comisiones Obreras |
| 260 ## - PUBLICACIÓN, DISTRIBUCIÓN, ETC. (PIE DE IMPRENTA) |
| Lugar de publicación, distribución, etc. |
Sevilla |
| Fecha de publicación, distribución, etc. |
2000 |
| Nombre del editor, distribuidor, etc. |
Fundación El Monte |
| 610 04 - PUNTO DE ACCESO ADICIONAL DE MATERIA - NOMBRE DE ENTIDAD CORPORATIVA |
| 9 (RLIN) |
3016 |
| Nombre de entidad corporativa o nombre de jurisdicción como elemento inicial |
Comisiones Obreras |
| 650 04 - PUNTO DE ACCESO ADICIONAL DE MATERIA - TÉRMINO DE MATERIA |
| 9 (RLIN) |
4307 |
| Término de materia o nombre geográfico como elemento inicial |
Arxius |
| Subdivisión de forma |
Directoris |
| 942 ## - ENTRADA DE ELEMENTOS AGREGADOS (KOHA) |
| Koha [por defecto] tipo de item |
Monografies |
| Fuente de clasificaión o esquema |
|